Cuando conversas con la mar / (Registro nro. 30954)
[ vista simple ]
| 000 -CABECERA | |
|---|---|
| campo de control de longitud fija | 00944nam a22001817a 4500 |
| 008 - CÓDIGOS DE INFORMACIÓN DE LONGITUD FIJA | |
| fixed length control field | 250214b |||||||| |||| 00| 0 eng d |
| 020 ## - NÚMERO INTERNACIONAL NORMALIZADO PARA LIBROS | |
| ISBN | 9789585758490 |
| 040 ## - Fuente de catalogación | |
| Agencia original de catalogación | CO-JMCR |
| Lenguaje de catalogación | spa |
| Agencia de transcripción | CO-JMCR |
| Agencia de modificación | CO-JMCR |
| Convenciones de descripción | rda |
| 041 0# - CÓDIGO DE LENGUA | |
| Código idioma | spa |
| 082 04 - NÚMERO DE LA CLASIFICACIÓN DECIMAL DEWEY | |
| Número de clasificación Decimal | N |
| Número de documento (Cutter) | PERc |
| 100 1# - PUNTO DE ACCESO PRINCIPAL-NOMBRE DE PERSONA | |
| Término de función/relación | autor |
| Nombre personal | Perez Diaz, Enrique, |
| 9 (RLIN) | 44094 |
| 245 10 - TÍTULO PROPIAMENTE DICHO | |
| Título | Cuando conversas con la mar / |
| Mención de responsabilidad, etc. | Enrique Perez Diaz |
| 300 ## - DESCRIPCIÓN FÍSICA | |
| Extensión | 80 páginas : |
| Otros detalles físicos | ilustraciones ; |
| Dimensiones | 20 cm. |
| 520 3# - RESUMEN, ETC. | |
| Resumen,etc. | La flor de la esperanza existe en algún lugar del planeta aunque muy pocos, raramente, la podamos ver. Eso descubren Aramís, Amanda y el escritor, los protagonistas de cuando conversas con la mar, quienes desde ausencias y nostalgias construyen en la amistad un universo en el que olas, gaviotas y barcos de papel les brindan la certeza de encontrar un futuro más promisorio y mejor. |
| 650 14 - TÉRMINO DE MATERIA | |
| 9 (RLIN) | 6541 |
| 650 24 - TÉRMINO DE MATERIA | |
| 9 (RLIN) | 14030 |
| Withdrawn status | Lost status | Source of classification or shelving scheme | Damaged status | Not for loan | Collection code | Home library | Current library | Shelving location | Date acquired | Total Checkouts | Full call number | Barcode | Date last seen | Date last checked out | Copy number | Price effective from | Koha item type |
|---|---|---|---|---|---|---|---|---|---|---|---|---|---|---|---|---|---|
| Dewey Decimal Classification | Fiction | Biblioteca Pública José María del Castillo y Rada | Biblioteca Pública José María del Castillo y Rada | Book Cart | 01/31/2025 | 1 | N PERc | 201812371 | 03/31/2026 | 03/31/2026 | Ej.1 | 02/14/2025 | Books |